Foreign direct investment statistics how countries measure FDI 2001

Detalles Bibliográficos
Autor Corporativo: Fondo Monetario Internacional
Formato: Desconocido
Lenguaje:inglés
Publicado: [Washington, D.C. (Wash.)] : International Monetary Fund : OECD, 2003
Materias:
Acceso en línea:Acceso restringido

MARC

LEADER 00000ny a22000003n 4500
005 20110623120233.0
008 040618s2003 xxu 000 0 eng c
020 |a 9781589062207 
035 |a 2786 
040 |a BUS  |d vLex 
090 |c 1053  |d 1053 
245 0 0 |a Foreign direct investment statistics  |h [Recurso electrn̤ico]  |b how countries measure FDI 2001 
256 |a Servicio en ln̕ea 
260 |a [Washington, D.C. (Wash.)] :   |b International Monetary Fund :   |b OECD,  |c 2003 
300 |a v. 
506 1 |a Contenido solo disponible en los productos indicados  |d vLex Global  |d vLex Global (Academic Edition, excluding Law Schools)  |d vLex Global (U.S. Academic Edition, Law Schools)  |d vLex Global (U.S. Academic Edition, excluding Law Schools)  |d vLex Global (Academic Edition, Law Schools) 
650 0 4 |a Estads̕tica  |x Metodologa̕ 
710 2 |a Fondo Monetario Internacional 
740 0 |a vLex Libros (Servicios en ln̕ea) 
856 4 0 |z Acceso restringido  |u http://vlex.com/source/2786 
942 |c BOOK 
999 0 4 |a Estads̕tiques 
999 0 4 |a Inversions estrangeres 
999 0 4 |a Mẗodes estads̕tics